Problems of Our Youth (Record no. 1068)

MARC details
000 -LEADER
fixed length control field 00614nam a2200241 a 4500
020 ## - INTERNATIONAL STANDARD BOOK NUMBER
ISBN
082 00 - DEWEY DECIMAL CLASSIFICATION NUMBER
Classification number 305.8095491
Author Cutter ALA
100 ## - MAIN ENTRY--AUTHOR NAME
Author name Alamzeb, Naseem
245 ## - TITLE STATEMENT
Title Problems of Our Youth
Sub title Collection of Speeches
260 ## - PUBLICATION, DISTRIBUTION, ETC. (IMPRINT)
Place of publication Lahore
Name of publisher Meezan Pu. Ltd
Year of publication 1963
300 ## - PHYSICAL DESCRIPTION
Number of Pages 19p
500 ## - GENERAL NOTE
General note includes index and biblioraphy
505 2# - FORMATTED CONTENTS NOTE
Formatted contents note Epilogue, Notes
650 ## - SUBJECT ADDED ENTRY--TOPICAL TERM
Topical Term Pakistan-Social Conditions
942 ## - ADDED ENTRY ELEMENTS (KOHA)
Koha item type Books
700 1# -
-- Alamzeb, Naseem
Holdings
Collection code Home library Current library Date acquired Cost, normal purchase price Full call number Accession Number Koha item type
  Henry Martyn Institute Library Henry Martyn Institute Library 03/29/2007 100.00 305.8095491 ALA 03190 Books
                   Copyright © 2026 | Henry Martyn Institute | Hyderabad | TS-500052 | INDIA | Implemented by hmi.edu.in
Hit-Count:

Powered by Koha